| 000 | 00622 a2200181 4500 | ||
|---|---|---|---|
| 001 | 126561 | ||
| 020 | _a9788576666318 | ||
| 040 | _cEscola Canadense de Niteroi | ||
| 090 | _aKEM | ||
| 100 | _aBen, Hubert | ||
| 245 | 1 | 0 | _aEu quero aqueles patins! |
| 260 | _aSão Paulo | ||
| 300 |
_a29 p. _bil. _c3 x 19 x 0.3 cm |
||
| 362 | 0 | _a2000 | |
| 520 | _aNicolau sonha com uns patins que viu no hipermercado, mas seus pais insistem em dizer que ele não precisa de novos. O garoto, entretanto, faz de tudo para realizar seu sonho, até que surge uma incrível oportunidade! | ||
| 650 | 4 | _aLiteratura Infantil | |
| 942 | _cBK | ||
| 999 |
_c126561 _d126561 |
||